000 00956cam a2200277 a 4500
999 _c18655
_d18655
001 14796333
003 BDDh-ASL
005 20231015025723.0
008 070404s2001 pk b i 000 0 eng
010 _a 2007926237
040 _aDLC
_cDLC
_dBDDh-ASL
050 0 0 _aBP193.1.A2
_bJ34 2009
082 _a297.01
_bJAP
100 1 _aJafri, S. M. H.
_q(Saiyid Masudul Hasan),
_d1927-
245 1 0 _aPolitical and moral vision of Islam :
_bAs explained by Ali B. Abi Talib/
_cS.H.M. Jafri.
250 _a1st U.S. ed.
260 _aLahore :
_bInstitute of Islamic Culture,
_c2001.
300 _aix, 144 p. ;
_c23 cm.
504 _aIncludes bibliographical references and index.
600 0 0 _aʻAlī ibn Abī Ṭālib,
_cCaliph,
_dapproximately 600-661
_xTeachings.
650 0 _aIslam and justice.
740 0 _aNahj al-balāghah.
906 _a7
_bcbc
_corignew
_d2
_eepcn
_f20
_gy-gencatlg
942 _2ddc
_cBK